| 000 | 02538nam0a2200481 4500 | ||
|---|---|---|---|
| 001 | RU\NLR\bibl\809574 | ||
| 005 | 20250614132410.0 | ||
| 010 |
_a5-7107-8904-6 _92000 |
||
| 021 |
_aRU _b2005-5954 _9303 |
||
| 035 | _aRSL-KNO-002568791 | ||
| 035 | _a(NLR Aleph) 000798656 | ||
| 090 |
_a1167209 _c1167209 |
||
| 100 | _a20050216d2005 |||y0rusy50 ca | ||
| 101 | 0 | _arus | |
| 102 | _aRU | ||
| 105 | _ay ||||||||| | ||
| 106 | _ar | ||
| 200 | 1 |
_aАрифметика. Алгоритмы. Сложность вычислений _eучеб. пособие для студентов вузов, обучающихся по направлениям и специальностям физ.-мат. профиля _fС. Б. Гашков, В. Н. Чубариков _gМоск. гос. ун-т им. М. В. Ломоносова |
|
| 205 | _a3-е изд., испр. | ||
| 210 |
_aМ. _cДрофа _cИзд-во Моск. ун-та _d2005 _gГУП Смол. обл. тип. им. В.И. Смирнова |
||
| 215 |
_a319 с. _d22 |
||
| 225 | 1 | _aКлассический университетский учебник | |
| 300 | _aНа авантит.: 250-летию Московского университета | ||
| 517 | 0 | _aАлгоритмы | |
| 517 | 0 | _aСложность вычислений | |
| 606 | 1 |
_aАрифметика _jЗадачники _91005829 _3RU\NLR\auth\6664428 |
|
| 606 | 1 |
_aАлгоритмы _jЗадачники _9928695 _3RU\NLR\auth\6622994 |
|
| 606 | 1 |
_aВычисление _jЗадачники _xСложность _92157561 _3RU\NLR\auth\661298741 |
|
| 610 | 0 | _aФизико-математические науки -- Математика -- Теория чисел --Задачник для высшей школы | |
| 610 | 0 | _aФизико-математические науки -- Математика -- Основания математики. Математическая логика -- Теория алгоритмов, рекурсивные функции -- Задачник для высшей школы | |
| 686 |
_aВ127я73-4 _2rubbk |
||
| 686 |
_aВ14я73-4 _2rubbk |
||
| 686 | _aВ13я73-4 | ||
| 686 | _aВ192я73-4 | ||
| 686 | _aВ127я73-4 | ||
| 700 | 1 |
_aГашков _bС. Б. _gСергей Борисович _4070 |
|
| 701 | 1 |
_aЧубариков _bВ. Н. _gВладимир Николаевич _4070 |
|
| 801 | 0 |
_aRU _bRuMoRKP _c20050216 _grcr |
|
| 801 | 1 |
_aRU _bRuMoRGB _c20050216 |
|
| 801 | 2 |
_aRU _bNLR _c20050614 _gPSBO |
|
| 942 | _cBOOK | ||
| 980 | _aNB | ||